00475nam a2200193 a 4500001001300000003000900013005001700022008004100039020000900080082001300089100001600102245003300118260003100151300000900182500003500191505001000226650002900236700001600265nice12345678IN_TiNIC20260116011308.0050524s1962 bosa grp 000 0 eng  ac2400a190bDEW aDewey, John aReconstruction in Philosophy aBostonbBeacon Pressc1962 a223p aincludes index and biblioraphy2 aIndex aPhilosophy-Western-Dewey1 aDewey, John